000 00512nam a2200193Ia 4500
005 20250603144413.0
008 250603s9999 xx 000 0 und d
020 _a0-8053-7373-X
050 _aQM 25 .H88/
100 _aMatt Hutchinson ... [et al.] ; photographs by Ralph T. Hutchings and Nina Zanetti.
245 2 _aA brief atlas of the human body
250 _a2nd ed.
260 _aSan Francisco
260 _bPearson
260 _c2007
300 _a129 p
650 _aSan Francisco
942 _cBK
999 _c38816
_d38816